<?xml version="1.0" encoding="UTF-8"?>
<marc:record xmlns:marc="http://www.loc.gov/MARC21/slim">
   <marc:leader>00000nam a2200000 a 4500</marc:leader>
   <marc:datafield ind1="0" ind2="0" tag="245">
      <marc:subfield code="a">Bestehende: 1.) In der zweyten Fortsetzung der Erzehlung einer Reise aus Egypten nach dem Gelobten Lande; Dann 2.) In einer Beschreibung der Stadt Dreßden</marc:subfield>
   </marc:datafield>
   <marc:datafield ind1="0" ind2="0" tag="245">
      <marc:subfield code="b">Ferner, 3.) In der dritten Fortsetzung des Chinesischen Reichs ... wie auch 4.) In der dritten Fortsetzung des Türckischen Alcorans. Meistentheils in anmuthigen Gesprächen vorgestellet</marc:subfield>
   </marc:datafield>
   <marc:datafield ind1=" " ind2="1" tag="264">
      <marc:subfield code="c">1721</marc:subfield>
   </marc:datafield>
   <marc:datafield ind1=" " ind2=" " tag="250">
      <marc:subfield code="a">[Bindeeinheit]</marc:subfield>
   </marc:datafield>
   <marc:datafield ind1="1" ind2=" " tag="520">
      <marc:subfield code="a">Unvollständig, mit Überklebungen auf Seite 182, Stempel am Frontispiz: Bibliothek der P.P. Kapuziner Scheibbs; Frontispiz (Kupferstich) von Dresden, Zierinitiale und Zierkupferstiche im Text; brauner Ledereinband auf Buchdeckeln aus Holz, Leder der Buchdeckel mit Linien verziert, Buchrücken mit 4 Bünden, Linienverzierungen ober- und unterhalb der Bünde und Signaturschild "L", rot gesprenkelte Schnittkante.</marc:subfield>
   </marc:datafield>
   <marc:datafield ind1=" " ind2=" " tag="041">
      <marc:subfield code="a">ger</marc:subfield>
   </marc:datafield>
   <marc:datafield ind1="0" ind2=" " tag="490">
      <marc:subfield code="v">1,4.</marc:subfield>
   </marc:datafield>
   <marc:datafield ind1=" " ind2=" " tag="300">
      <marc:subfield code="a">[1] Bl., S. [137] - 182 : Ill.</marc:subfield>
   </marc:datafield>
</marc:record>
